opac header logoIBA Library

Corporate financing and governance in Japan : (Record no. 697)

MARC details
000 -LEADER
fixed length control field 00557nam a22001937a 4500
003 - CONTROL NUMBER IDENTIFIER
control field BD-DhUIB
005 - DATE AND TIME OF LATEST TRANSACTION
control field 20260513174134.0
008 - FIXED-LENGTH DATA ELEMENTS--GENERAL INFORMATION
fixed length control field 260513b |||||||| |||| 00| 0 eng d
020 ## - INTERNATIONAL STANDARD BOOK NUMBER
International Standard Book Number 9780262083010
040 ## - CATALOGING SOURCE
Original cataloging agency BD-DhUIB
Transcribing agency BD-DhUIB
050 ## - LIBRARY OF CONGRESS CALL NUMBER
Classification number 332.10952
082 ## - DEWEY DECIMAL CLASSIFICATION NUMBER
Edition number 22
100 ## - MAIN ENTRY--PERSONAL NAME
Personal name Hoshi, Takeo and Kashyap , Anil K.
9 (RLIN) 1111
245 ## - TITLE STATEMENT
Title Corporate financing and governance in Japan :
Remainder of title the road to the future /
Statement of responsibility, etc. by Takeo Hoshi and Anil K. Kashyap.
260 ## - PUBLICATION, DISTRIBUTION, ETC.
Date of publication, distribution, etc. c2001
300 ## - PHYSICAL DESCRIPTION
Extent xx, 358p. :
Other physical details illus. ;
Dimensions 19cm.
526 ## - STUDY PROGRAM INFORMATION NOTE
Program name MBA
942 ## - ADDED ENTRY ELEMENTS (KOHA)
Source of classification or shelving scheme Dewey Decimal Classification
Koha item type Books
Holdings
Withdrawn status Lost status Source of classification or shelving scheme Damaged status Not for loan Collection code Home library Current library Shelving location Date acquired Source of acquisition Total Checkouts Full call number Barcode Date last seen Price effective from Koha item type
    Dewey Decimal Classification     Non-fiction IBA Library IBA Library General Stacks 05/10/2026 Gift.   332.10952 00051721 05/13/2026 05/13/2026 Books
Copyright © 2021-2026 | IBA Library
Institute of Business Administration (IBA)
University of Dhaka
Library Home | IBA Home